<?xml version="1.0" encoding="UTF-8"?>
<record
    xmlns:xsi="http://www.w3.org/2001/XMLSchema-instance"
    xsi:schemaLocation="http://www.loc.gov/MARC21/slim http://www.loc.gov/standards/marcxml/schema/MARC21slim.xsd"
    xmlns="http://www.loc.gov/MARC21/slim">

  <leader>00547nam a22001577a 4500</leader>
  <controlfield tag="003">OSt</controlfield>
  <controlfield tag="005">20150910104926.0</controlfield>
  <controlfield tag="008">150910b        xxu||||| |||| 00| 0 eng d</controlfield>
  <datafield tag="040" ind1=" " ind2=" ">
    <subfield code="c">RUA</subfield>
  </datafield>
  <datafield tag="082" ind1=" " ind2=" ">
    <subfield code="a">AGR &#x1793;&#x17BC;&#x200B; 1994 B010 Or.1</subfield>
  </datafield>
  <datafield tag="100" ind1=" " ind2=" ">
    <subfield code="9">215</subfield>
    <subfield code="a">&#x1793;&#x17BC; &#x1780;&#x17C2;&#x179C;&#x179F;&#x17BB;&#x1791;&#x17D2;&#x1792;&#x17B6;</subfield>
  </datafield>
  <datafield tag="245" ind1=" " ind2=" ">
    <subfield code="a">&#x179F;&#x178F;&#x17D2;&#x179C;&#x179B;&#x17D2;&#x17A2;&#x17B7;&#x178F;&#x1785;&#x1784;&#x17D2;&#x179A;&#x17C3;&#x1794;&#x17C6;&#x1795;&#x17D2;&#x179B;&#x17B6;&#x1789;&#x178A;&#x17C6;&#x178E;&#x17B6;&#x17C6;&#x1780;&#x17D2;&#x179A;&#x17BC;&#x1785;&#x1796;&#x17C4;&#x1792;&#x17B7;&#x179F;&#x17B6;&#x178F;&#x17CB; &#x1793;&#x17C5;&#x1781;&#x17C1;&#x178F;&#x17D2;&#x178F;&#x1794;&#x17B6;&#x178F;&#x17CB;&#x178A;&#x17C6;&#x1794;&#x1784;</subfield>
  </datafield>
  <datafield tag="260" ind1=" " ind2=" ">
    <subfield code="a">Phnom Penh</subfield>
    <subfield code="b">RUA</subfield>
    <subfield code="c">1994</subfield>
  </datafield>
  <datafield tag="300" ind1=" " ind2=" ">
    <subfield code="a">58p.</subfield>
    <subfield code="b">ill.</subfield>
    <subfield code="c">29cm.</subfield>
  </datafield>
  <datafield tag="942" ind1=" " ind2=" ">
    <subfield code="2">ddc</subfield>
    <subfield code="c">AGR</subfield>
  </datafield>
  <datafield tag="999" ind1=" " ind2=" ">
    <subfield code="c">197</subfield>
    <subfield code="d">197</subfield>
  </datafield>
  <datafield tag="952" ind1=" " ind2=" ">
    <subfield code="0">0</subfield>
    <subfield code="1">0</subfield>
    <subfield code="2">ddc</subfield>
    <subfield code="4">0</subfield>
    <subfield code="6">AGR_&#x1793;&#x17BC;_1994_000000000000000_B010_OR_1</subfield>
    <subfield code="7">0</subfield>
    <subfield code="9">822</subfield>
    <subfield code="a">LBB</subfield>
    <subfield code="b">LBB</subfield>
    <subfield code="c">B010</subfield>
    <subfield code="d">2015-09-10</subfield>
    <subfield code="l">3</subfield>
    <subfield code="o">AGR &#x1793;&#x17BC;&#x200B; 1994 B010 Or.1</subfield>
    <subfield code="p">RUA003929</subfield>
    <subfield code="r">2019-07-27</subfield>
    <subfield code="s">2019-07-20</subfield>
    <subfield code="w">2015-09-10</subfield>
    <subfield code="y">AGR</subfield>
  </datafield>
  <datafield tag="952" ind1=" " ind2=" ">
    <subfield code="0">0</subfield>
    <subfield code="1">0</subfield>
    <subfield code="2">ddc</subfield>
    <subfield code="4">0</subfield>
    <subfield code="6">AGR_&#x1793;&#x17BC;_1994_000000000000000_B010_OR_2</subfield>
    <subfield code="7">0</subfield>
    <subfield code="9">823</subfield>
    <subfield code="a">LBB</subfield>
    <subfield code="b">LBB</subfield>
    <subfield code="c">B010</subfield>
    <subfield code="d">2015-09-10</subfield>
    <subfield code="l">1</subfield>
    <subfield code="o">AGR &#x1793;&#x17BC;&#x200B; 1994 B010 Or.2</subfield>
    <subfield code="p">RUA003933</subfield>
    <subfield code="r">2016-08-03</subfield>
    <subfield code="s">2016-07-02</subfield>
    <subfield code="w">2015-09-10</subfield>
    <subfield code="y">AGR</subfield>
  </datafield>
  <datafield tag="952" ind1=" " ind2=" ">
    <subfield code="0">0</subfield>
    <subfield code="1">0</subfield>
    <subfield code="2">ddc</subfield>
    <subfield code="4">0</subfield>
    <subfield code="6">AGR_&#x1793;&#x17BC;_1994_000000000000000_B010_OR_3</subfield>
    <subfield code="7">0</subfield>
    <subfield code="9">824</subfield>
    <subfield code="a">LBB</subfield>
    <subfield code="b">LBB</subfield>
    <subfield code="c">B010</subfield>
    <subfield code="d">2015-09-10</subfield>
    <subfield code="l">2</subfield>
    <subfield code="m">1</subfield>
    <subfield code="o">AGR &#x1793;&#x17BC;&#x200B; 1994 B010 Or.3</subfield>
    <subfield code="p">RUA003706</subfield>
    <subfield code="r">2016-08-01</subfield>
    <subfield code="s">2016-08-01</subfield>
    <subfield code="w">2015-09-10</subfield>
    <subfield code="y">AGR</subfield>
  </datafield>
  <datafield tag="952" ind1=" " ind2=" ">
    <subfield code="0">0</subfield>
    <subfield code="1">0</subfield>
    <subfield code="2">ddc</subfield>
    <subfield code="4">0</subfield>
    <subfield code="6">AGR_&#x1793;&#x17BC;_1994_000000000000000_B010_OR_4</subfield>
    <subfield code="7">0</subfield>
    <subfield code="9">14637</subfield>
    <subfield code="a">LBB</subfield>
    <subfield code="b">LBB</subfield>
    <subfield code="c">B010</subfield>
    <subfield code="d">2015-11-04</subfield>
    <subfield code="o">AGR &#x1793;&#x17BC;&#x200B; 1994 B010 Or.4</subfield>
    <subfield code="p">RUA027565</subfield>
    <subfield code="r">2015-11-04</subfield>
    <subfield code="w">2015-11-04</subfield>
    <subfield code="y">AGR</subfield>
  </datafield>
  <datafield tag="952" ind1=" " ind2=" ">
    <subfield code="0">0</subfield>
    <subfield code="1">0</subfield>
    <subfield code="2">ddc</subfield>
    <subfield code="4">0</subfield>
    <subfield code="6">AGR_&#x1793;&#x17BC;_1994_000000000000000_B010_OR_5</subfield>
    <subfield code="7">0</subfield>
    <subfield code="9">56781</subfield>
    <subfield code="a">LBB</subfield>
    <subfield code="b">LBB</subfield>
    <subfield code="c"> 	B310</subfield>
    <subfield code="d">2016-11-11</subfield>
    <subfield code="l">3</subfield>
    <subfield code="m">2</subfield>
    <subfield code="o">AGR &#x1793;&#x17BC;&#x200B; 1994 B010 Or.5</subfield>
    <subfield code="p">A04297</subfield>
    <subfield code="r">2017-11-17</subfield>
    <subfield code="s">2017-10-09</subfield>
    <subfield code="w">2016-11-11</subfield>
    <subfield code="y">AGR</subfield>
  </datafield>
</record>
